| 000 | 00556cam a2200217ua 4500 | ||
|---|---|---|---|
| 020 | _c110.00 | ||
| 041 |
_aeng _h |
||
| 082 |
_a020 _bMAL/DI |
||
| 100 | _aMalwad, N M . | ||
| 245 | 0 | 0 |
_aDigital libraries / _cN M Malwad. _hTextual Documents |
| 250 |
_a1 / _b. |
||
| 260 |
_aNew Delhi : _bNew Age International Ltd , _c1996. |
||
| 300 |
_a321 ; _eCD ROM. |
||
| 365 | _a110.00 | ||
| 504 | _a | ||
| 700 | 1 | _aRajashekar, T B . | |
| 700 | 1 | _aRavichandra Rao, I K . | |
| 700 | 1 | _aSatyanarayana, N V . | |
| 942 | _cBK | ||
| 999 |
_c5579 _d5579 |
||